Which Harry Potter Character Is This? - Statistics

General Stats
  • This quiz has been taken 2,271 times
  • The average score is 27 of 31
Answer Stats
Hint Answer % Correct
Red haired best friend, has a rat called scabbers, patronus of a Jack Russell Terrier. Ron Weasley
100%
Messy haired Protagonist, Lightning shaped scar. Harry Potter
99%
Book worm best friend, bushy haired, her patronus is an otter. Hermione Granger
99%
Ex-Death Eater, Potions Master at Hogwarts. Severus Snape
97%
Handsome ex prisoner of Azkaban. Sirius Black
97%
Harry's school enemy, son of famous death eater, Slytherin house. Draco Malfoy
96%
Mrs. Potter, sassy Red Head with whom Harry falls in love. Ginny Weasley
96%
Harry's first love interest, seeker for Ravenclaw quidditch team. Cho Chang
95%
Wears radish earrings, can see Thestrals too. Luna Lovegood
95%
The only person 'You Know Who' is afraid of, Harry's mentor. Dumbledore
93%
One half of twins, prankster, meets his end in The Battle of Hogwarts. Fred Weasley
93%
One half of twins, prankster, loses an ear. George Weasley
93%
'You Know Who' Arch nemesis of Harry Potter. Voldemort
93%
You Know Who's most faithful Death Eater, Sister to Narcissa Malfoy. Bellatrix Lestrange
92%
Herbology expert, his parents are in St. Mungo's Hospital. Neville Longbottom
92%
Harry's second mother, lives at The Burrow, cares for many children. Molly Weasley
91%
Mother who dies trying to save her son, married to James. Lily Evans/Potter
90%
Is an Animagus (cat) Deputy Head at Hogwarts. Minerva McGonagall
89%
Moony, one of the four marauders, Defence Against the Dark Arts teacher for one year. Remus Lupin
88%
Auror, was impersonated by Barty Crouch Jr. Dies in The Battle Over Little Whinging. Alastor 'Mad Eye' Moody
86%
Works for the Ministry of Magic, married to Molly, has seven children. Arthur Weasley
86%
Father and son are called Ted, marries a werewolf. Nymphadora Tonks
86%
Harry's dimwitted cousin, attacked by Dementors, huge. Dudley Dursley
85%
Snape's school enemy, Killed by You Know Who, one of the four marauders, animagus (Stag) James Potter
85%
The cheeky poltergeist that causes a lot of mischief. Peeves
85%
The Gryffindor House ghost, the main characters visit his Death Day party. Nearly Headless Nick
82%
The High Inquisitor, works for the minister. Dolores Umbridge
77%
Dreamy quidditch captain at the beginning, very motivated. Oliver Wood
74%
The friend of the twins, cheeky quidditch commentator. Lee Jordan
71%
The only ghost teacher at Hogwarts, Teaches History of Magic. Professor Binns
62%
The Landlady of The Three Broomsticks, serves excellent butterbeer. Madame Rosmerta
53%
No matching quizzes found
Score Distribution
Percent of People with Each Score
Percentile by Number Answered
Your Score History
You have not taken this quiz